[Event "XVI Festival A"]
[Site "Campobasso ITA"]
[Date "2009.07.24"]
[Round "2"]
[White "Parrella, Alfredo"]
[Black "Locci, Damiano"]
[Result "1-0"]
[WhiteElo "2099"]
[BlackElo "2119"]
[PlyCount "117"]
[EventDate "2009.07.24"]

1. d4 d5 2. c4 e6 3. Nc3 Nf6 4. Bg5 c6 5. Nf3 Nbd7 6. e3 Qa5 7. Nd2 Bb4 8. Qc2
Ne4 9. Ncxe4 dxe4 10. Bf4 e5 11. Bg3 O-O 12. a3 exd4 13. exd4 f5 14. Bf4 g5 15.
Bxg5 f4 16. h4 e3 17. fxe3 fxe3 18. Bxe3 Re8 19. O-O-O Bxa3 20. Bg5 Bb4 21. Kb1
Nf8 22. Bd3 b5 23. Bxh7+ Kg7 24. Be4 bxc4 25. Nxc4 Qb5 26. Ne5 Be6 27. Bxc6 Qa6
28. Qa4 Bf5+ 29. Ka1 Qxa4+ 30. Bxa4 Re6 31. Bb5 Rb8 32. Bd3 Bxd3 33. Rxd3 Ra6+
34. Kb1 Ne6 35. Rhh3 Rd6 36. Be7 Rxd4 37. Rxd4 Nxd4 38. Bf6+ Kh7 39. Nd7 Rb7
40. Bxd4 Rxd7 41. Bc3 Bxc3 42. Rxc3 Rg7 43. g3 Kh6 44. Kc2 Kh5 45. b4 Rb7 46.
Rb3 a6 47. Kc3 Kg4 48. Kc4 Rb5 49. Rd3 Rb8 50. Rd6 Rc8+ 51. Kb3 Kxg3 52. Rxa6
Kxh4 53. b5 Kg5 54. Re6 Kf5 55. Re1 Rc5 56. Kb4 Rc2 57. b6 Rb2+ 58. Kc5 Rc2+
59. Kd6 1-0

[Event "XVI Festival A"]
[Site "Campobasso ITA"]
[Date "2009.07.24"]
[Round "2"]
[White "Piccoli, Vincenzo"]
[Black "Carnicelli, Valerio"]
[Result "1-0"]
[WhiteElo "2007"]
[BlackElo "1747"]
[PlyCount "29"]
[EventDate "2009.07.24"]

1. e4 e5 2. Nf3 Nc6 3. Bc4 Bc5 4. O-O d6 5. c3 Bg4 6. b4 Bb6 7. a4 a5 8. b5
Nce7 9. Bxf7+ Kxf7 10. Ng5+ Ke8 11. Qxg4 Nf6 12. Qg3 Qd7 13. d3 h6 14. Nf3 Rd8
15. Qxg7 1-0

[Event "XVI Festival A"]
[Site "Campobasso ITA"]
[Date "2009.07.24"]
[Round "2"]
[White "Procacci, Sergio"]
[Black "Vuelban, Virgilio"]
[Result "0-1"]
[WhiteElo "2073"]
[BlackElo "2404"]
[PlyCount "60"]
[EventDate "2009.07.24"]

1. e4 e6 2. d4 d5 3. e5 c5 4. c3 Nc6 5. Nf3 Qb6 6. Bd3 cxd4 7. cxd4 Bd7 8. O-O
Nxd4 9. Nxd4 Qxd4 10. Nc3 a6 11. Qe2 Ne7 12. Rd1 Qb6 13. Be3 Qc7 14. f4 Nc6 15.
Bf2 Be7 16. Rac1 Qd8 17. f5 Bg5 18. fxe6 Bxe6 19. Ra1 Qc7 20. h4 Bf4 21. Qf3
Bxe5 22. Nxd5 Bxd5 23. Qxd5 O-O 24. Rac1 Rad8 25. Qe4 g6 26. h5 Bg3 27. Bc5
Rfe8 28. Qg4 Qf4 29. Rc4 Qxg4 30. Rxg4 Rxd3 0-1

[Event "XVI Festival A"]
[Site "Campobasso ITA"]
[Date "2009.07.24"]
[Round "2"]
[White "Radice, Mario"]
[Black "Messina, Enrico"]
[Result "0-1"]
[WhiteElo "1930"]
[BlackElo "2110"]
[PlyCount "54"]
[EventDate "2009.07.24"]

1. e4 c5 2. Nf3 d6 3. d4 cxd4 4. Nxd4 Nf6 5. Nc3 g6 6. Be3 Bg7 7. f3 O-O 8. Qd2
Nc6 9. g4 Be6 10. O-O-O Nxd4 11. Bxd4 Qa5 12. a3 Rfc8 13. h4 Rab8 14. h5 b5 15.
h6 Bf8 16. Bxf6 exf6 17. Nd5 Qxd2+ 18. Rxd2 Bxd5 19. Rxd5 Rc5 20. b4 Rc3 21.
Rd3 Rbc8 22. Kb2 Rxc2+ 23. Kb3 Rf2 24. Re3 Rc1 25. Bg2 Rxh1 26. Bxh1 Bxh6 27.
Rc3 Rh2 0-1

[Event "XVI Festival A"]
[Site "Campobasso ITA"]
[Date "2009.07.24"]
[Round "2"]
[White "Rizza, Francesco"]
[Black "Rizzo, Giacomo"]
[Result "1-0"]
[WhiteElo "2030"]
[BlackElo "1720"]
[PlyCount "63"]
[EventDate "2009.07.24"]

1. d4 Nf6 2. Bg5 e6 3. Nd2 Be7 4. e4 h6 5. Bh4 d5 6. e5 Ng8 7. Bg3 c5 8. c3 b6
9. Bb5+ Bd7 10. Bd3 Bg5 11. Ndf3 Ne7 12. h4 Nf5 13. Bxf5 exf5 14. hxg5 h5 15.
g6 fxg6 16. Nh3 h4 17. Bf4 c4 18. Nhg5 Qe7 19. Nxh4 Rh6 20. Qf3 Be6 21. Nxe6
Qxe6 22. Bxh6 gxh6 23. g3 Nc6 24. Ng2 g5 25. Qh5+ Kd7 26. Qxh6 Qxh6 27. Rxh6
Ne7 28. Ne3 f4 29. Nxd5 Nxd5 30. Rd6+ Ke7 31. Rxd5 fxg3 32. fxg3 1-0

[Event "XVI Festival A"]
[Site "Campobasso ITA"]
[Date "2009.07.24"]
[Round "2"]
[White "Sellitti, Federico"]
[Black "Sellitti, Luca"]
[Result "1-0"]
[WhiteElo "2138"]
[BlackElo "1908"]
[PlyCount "49"]
[EventDate "2009.07.24"]

1. e4 e6 2. d4 d5 3. exd5 exd5 4. Bd3 Nf6 5. Ne2 Bd6 6. Bg5 c6 7. Nbc3 Bg4 8.
f3 Bh5 9. Qd2 Nbd7 10. O-O-O Qc7 11. Ng3 O-O 12. Nf5 Bg6 13. g4 Bxf5 14. Bxf5
h6 15. Be3 Rfe8 16. Kb1 Nb6 17. Bd3 Nc4 18. Bxc4 dxc4 19. g5 hxg5 20. Bxg5 Nd5
21. Nxd5 cxd5 22. Rdg1 Re6 23. f4 Rae8 24. Qg2 c3 25. Bd8 1-0

[Event "XVI Festival A"]
[Site "Campobasso ITA"]
[Date "2009.07.24"]
[Round "2"]
[White "Sumets, Andrey"]
[Black "Petruccioli, Antonio"]
[Result "1-0"]
[WhiteElo "2595"]
[BlackElo "2098"]
[PlyCount "41"]
[EventDate "2009.07.24"]

1. d4 c5 2. d5 Nf6 3. c4 a6 4. Nd2 b5 5. e4 bxc4 6. Bxc4 d6 7. Ngf3 Bg4 8. O-O
h6 9. Qa4+ Bd7 10. Qb3 Qc7 11. e5 Nh7 12. Re1 Kd8 13. Bf1 a5 14. Nc4 Na6 15.
Bd2 Nb4 16. a3 a4 17. axb4 axb3 18. Rxa8+ Bc8 19. bxc5 Qxc5 20. Ba5+ Ke8 21.
Nb6 1-0

[Event "XVI Festival A"]
[Site "Campobasso ITA"]
[Date "2009.07.24"]
[Round "2"]
[White "Trebeschi, Andrea"]
[Black "Chiaretti, Roberto"]
[Result "0-1"]
[WhiteElo "2047"]
[BlackElo "2195"]
[PlyCount "128"]
[EventDate "2009.07.24"]

1. e4 c5 2. Nf3 d6 3. Bc4 e6 4. Bb3 Nf6 5. d3 Be7 6. O-O O-O 7. c3 Nc6 8. Re1
e5 9. Nbd2 Be6 10. Nf1 Re8 11. Ng3 Bf8 12. h3 h6 13. Bxe6 fxe6 14. Nh2 Kh7 15.
Ng4 Be7 16. Be3 Rf8 17. Rf1 Qe8 18. Qe2 Qg6 19. Nxf6+ Qxf6 20. Kh2 Qh4 21. Nh5
g6 22. Ng3 d5 23. f3 Bd6 24. Bf2 Qe7 25. Be3 Rac8 26. a3 d4 27. Bd2 a6 28. c4
Qe8 29. Rab1 a5 30. b3 b6 31. Qe1 Qe7 32. Ne2 Rf7 33. Kh1 Rcf8 34. Kh2 Qd8 35.
Qc1 g5 36. Ng1 Ne7 37. b4 axb4 38. axb4 Ng6 39. bxc5 Bxc5 40. Rb5 Qd6 41. Qb2
Ra8 42. Ra1 Rfa7 43. Rxa7+ Rxa7 44. Ne2 Nf8 45. Bb4 Bxb4 46. Rxb4 Nd7 47. Rb3
Kg6 48. Ng3 Ra6 49. Rb5 Nc5 50. Qb1 Qc7 51. Ne2 Qa7 52. Nc1 Na4 53. Na2 Nc5 54.
Nc1 Kf6 55. Nb3 Na4 56. Qc2 Nc3 57. Rb4 Qe7 58. c5 bxc5 59. Rb8 Ra2 60. Qc1 Qa7
61. Rc8 Qa6 62. Rxc5 Qxd3 63. Rc6 Qxf3 64. Nd2 Qf4+ 0-1

[Event "XVI Festival A"]
[Site "Campobasso ITA"]
[Date "2009.07.24"]
[Round "2"]
[White "Vanacore, Francesco"]
[Black "Safranska, Anda"]
[Result "0-1"]
[WhiteElo "2055"]
[BlackElo "2310"]
[PlyCount "98"]
[EventDate "2009.07.24"]

1. e4 g6 2. d4 Bg7 3. Nc3 c6 4. Nge2 d6 5. g3 e5 6. dxe5 dxe5 7. Qxd8+ Kxd8 8.
Be3 Kc7 9. Nc1 Be6 10. b3 Nf6 11. f3 Nfd7 12. Nd3 Na6 13. O-O-O Bf8 14. Kb2 f6
15. a3 Nac5 16. Be2 a5 17. a4 Be7 18. Nxc5 Nxc5 19. Rhf1 Nd7 20. Rd2 Bb4 21.
Rfd1 Rad8 22. Rd3 Rhf8 23. Na2 Be7 24. Nc3 Bf7 25. Bh6 Rg8 26. Be3 Kc8 27. R3d2
Be6 28. Rd3 Rde8 29. R3d2 Nc5 30. Na2 f5 31. Nc3 Nd7 32. Na2 Rgf8 33. Bh6 Rf7
34. Be3 f4 35. gxf4 exf4 36. Bd4 Bf6 37. Nc1 g5 38. Bxf6 Rxf6 39. Rd6 Ne5 40.
Rg1 Rh6 41. Rdd1 g4 42. fxg4 f3 43. Bf1 Rxh2 44. g5 Bg4 45. Rg3 Rg8 46. Nd3
Nxd3+ 47. Rxd3 Rxg5 48. Rdxf3 Bxf3 49. Rxg5 Bxe4 0-1

[Event "XVI Festival A"]
[Site "Campobasso ITA"]
[Date "2009.07.24"]
[Round "2"]
[White "Vitobello, Pasquale"]
[Black "Tacchi, Fabio"]
[Result "1/2-1/2"]
[WhiteElo "2015"]
[BlackElo "1832"]
[PlyCount "92"]
[EventDate "2009.07.24"]

1. b3 e5 2. Bb2 d6 3. e3 Nf6 4. d4 exd4 5. Bxd4 Be7 6. Nf3 O-O 7. Bd3 c5 8. Bb2
Nc6 9. a3 d5 10. Nbd2 Re8 11. O-O Bd6 12. c4 dxc4 13. Nxc4 Bc7 14. Qc2 Qe7 15.
Rac1 h6 16. Ncd2 b6 17. b4 Bd6 18. Rfd1 Bb7 19. Bxf6 gxf6 20. Ne4 Nxb4 21. axb4
Bxe4 22. Bxe4 Qxe4 23. Rxd6 Qxc2 24. Rxc2 cxb4 25. Nd4 Kg7 26. Rcc6 Re5 27.
Rxf6 Rc5 28. Kf1 Rc8 29. Ke1 Rd8 30. Rfd6 Rxd6 31. Rxd6 Rc1+ 32. Kd2 Rf1 33.
Ke2 Rb1 34. Rc6 b3 35. Rc3 b2 36. Rb3 a5 37. Rxb6 a4 38. Nc2 f6 39. Rb4 Kg6 40.
Rxa4 Re1+ 41. Nxe1 b1=Q 42. Rd4 Qb5+ 43. Nd3 Qh5+ 44. f3 Qxh2 45. Nf4+ Kf7 46.
Kf2 Qh4+ 1/2-1/2

[Event "XVI Festival A"]
[Site "Campobasso ITA"]
[Date "2009.07.25"]
[Round "3"]
[White "Arbore, Daniele"]
[Black "Colucci, Stefano"]
[Result "0-1"]
[WhiteElo "1398"]
[BlackElo "1994"]
[PlyCount "28"]
[EventDate "2009.07.24"]

1. e4 c5 2. Nf3 d6 3. d4 cxd4 4. Nxd4 Nf6 5. Nc3 a6 6. Bc4 e6 7. f4 b5 8. Bd3
Bb7 9. Qf3 Nbd7 10. b4 Rc8 11. Nce2 d5 12. e5 Ne4 13. Bb2 Bxb4+ 14. Kf1 Nd2+
0-1

[Event "XVI Festival A"]
[Site "Campobasso ITA"]
[Date "2009.07.25"]
[Round "3"]
[White "Arbore, Federica"]
[Black "Mazzarella, Antonio"]
[Result "0-1"]
[WhiteElo "1239"]
[BlackElo "2048"]
[PlyCount "64"]
[EventDate "2009.07.24"]

1. e4 e6 2. d4 d5 3. e5 c5 4. c3 Nc6 5. Nf3 Bd7 6. Be3 cxd4 7. cxd4 Bb4+ 8.
Nbd2 Nge7 9. Bd3 Ng6 10. Qc2 Rc8 11. Qb3 O-O 12. Rc1 Nh4 13. O-O Bxd2 14. Nxd2
Qe7 15. h3 Qb4 16. Qxb4 Nxb4 17. Bb1 Bb5 18. Rxc8 Rxc8 19. Re1 Nf5 20. Bxf5
exf5 21. Bg5 Nxa2 22. e6 Rc1 23. Rxc1 Nxc1 24. e7 f6 25. Bf4 Kf7 26. Bd6 Ne2+
27. Kh2 Nxd4 28. g4 Nc6 29. e8=Q+ Kxe8 30. gxf5 Bd3 31. Kg3 Bxf5 32. Kf4 Bxh3
0-1

[Event "XVI Festival A"]
[Site "Campobasso ITA"]
[Date "2009.07.25"]
[Round "3"]
[White "Cangiano, Federico"]
[Black "Basaric, Srdjan"]
[Result "1-0"]
[WhiteElo "1965"]
[BlackElo "2118"]
[PlyCount "75"]
[EventDate "2009.07.24"]

1. d4 Nf6 2. Nf3 b5 3. e3 a6 4. Bd3 Bb7 5. Nbd2 e6 6. O-O c5 7. c3 Nc6 8. Qe2
d6 9. Re1 Be7 10. e4 e5 11. d5 Nb8 12. a4 c4 13. Bc2 Nbd7 14. b3 cxb3 15. Bxb3
bxa4 16. Bxa4 O-O 17. Ba3 Qc7 18. Rec1 Nc5 19. Bc2 Rfb8 20. Bxc5 Qxc5 21. Ba4
Bd8 22. Nb3 Qa7 23. c4 Bc8 24. c5 Rb4 25. Rc4 Rab8 26. cxd6 Bg4 27. Qc2 Bxf3
28. gxf3 Qb6 29. Rc6 Qa7 30. Nc5 Rb2 31. Qc3 Nd7 32. Nd3 R2b7 33. Rc1 f6 34.
Rc8 Kf7 35. Rxb8 Qxb8 36. Qc6 Bb6 37. Nb4 Bc5 38. Nxa6 1-0

[Event "XVI Festival A"]
[Site "Campobasso ITA"]
[Date "2009.07.25"]
[Round "3"]
[White "Carnicelli, Valerio"]
[Black "Gatti, Francesco"]
[Result "1/2-1/2"]
[WhiteElo "1747"]
[BlackElo "1819"]
[PlyCount "66"]
[EventDate "2009.07.24"]

1. e4 c5 2. Nf3 d6 3. d4 cxd4 4. Nxd4 Nf6 5. Nc3 a6 6. f3 e5 7. Nb3 Be6 8. Be3
Nbd7 9. Qd2 Qc7 10. O-O-O b5 11. g4 Nb6 12. Bd3 Be7 13. h4 Nc4 14. Bxc4 bxc4
15. Na1 O-O 16. h5 Rfb8 17. Rdg1 Qb7 18. Nd1 Rc8 19. Qc3 Nd7 20. Kb1 d5 21. Qe1
d4 22. Bc1 a5 23. g5 a4 24. g6 fxg6 25. c3 d3 26. hxg6 h6 27. Qg3 a3 28. Rg2
Bf6 29. Qh2 Nf8 30. Rhg1 Rc7 31. Rh1 Rd8 32. Rhg1 Rd6 33. Rh1 Rb6 1/2-1/2

[Event "XVI Festival A"]
[Site "Campobasso ITA"]
[Date "2009.07.25"]
[Round "3"]
[White "Chiaretti, Roberto"]
[Black "Lazarev, Vladimir"]
[Result "0-1"]
[WhiteElo "2195"]
[BlackElo "2462"]
[PlyCount "46"]
[EventDate "2009.07.24"]

1. e4 c5 2. Nf3 Nc6 3. d4 cxd4 4. Nxd4 Qc7 5. Nc3 e6 6. Be3 a6 7. Qd2 Nf6 8. f3
Bb4 9. O-O-O O-O 10. g4 b5 11. h4 Ne5 12. g5 Nh5 13. Rg1 Bb7 14. f4 Nc4 15.
Bxc4 Qxc4 16. Qe2 Bxc3 17. Qxh5 Bb4 18. a3 Ba5 19. f5 Bxe4 20. Rg4 Qa2 21. Nb3
Rac8 22. Rxe4 Qxb3 23. Qe2 Qa2 0-1

[Event "XVI Festival A"]
[Site "Campobasso ITA"]
[Date "2009.07.25"]
[Round "3"]
[White "Cocchia, Umberto"]
[Black "Bottega, Antonio"]
[Result "1/2-1/2"]
[WhiteElo "1653"]
[BlackElo "1982"]
[PlyCount "63"]
[EventDate "2009.07.24"]

1. e4 e6 2. d4 d5 3. e5 c5 4. c3 Nc6 5. Nf3 Qb6 6. Bd3 Bd7 7. dxc5 Bxc5 8. O-O
f6 9. b4 Be7 10. Bf4 fxe5 11. Nxe5 Nxe5 12. Bxe5 Nf6 13. Nd2 O-O 14. Nf3 Ng4
15. Bd4 Qc7 16. h3 Rxf3 17. hxg4 Rf7 18. Qc2 e5 19. Bxh7+ Kh8 20. Bg6 Bxg4 21.
Bxf7 exd4 22. Qg6 Qf4 23. g3 Qf3 24. Bxd5 Qxd5 25. Qxg4 dxc3 26. Rfe1 Bf6 27.
Rad1 Qxa2 28. Qh5+ Kg8 29. Re8+ Rxe8 30. Qxe8+ Kh7 31. Qh5+ Kg8 32. Qe8+
1/2-1/2

[Event "XVI Festival A"]
[Site "Campobasso ITA"]
[Date "2009.07.25"]
[Round "3"]
[White "Cordi', Domenico"]
[Black "Piccoli, Vincenzo"]
[Result "1-0"]
[WhiteElo "2060"]
[BlackElo "2007"]
[PlyCount "69"]
[EventDate "2009.07.24"]

1. d4 Nf6 2. c4 e6 3. g3 c5 4. Nf3 cxd4 5. Nxd4 Be7 6. Bg2 O-O 7. O-O a6 8. e4
d6 9. Be3 Qc7 10. Qe2 Bd7 11. Nc3 Nc6 12. Rac1 Nxd4 13. Bxd4 Rac8 14. b3 Qb8
15. a4 h6 16. Rfd1 Bc6 17. b4 b6 18. b5 axb5 19. axb5 Ba8 20. e5 Nd7 21. Bxa8
Qxa8 22. exd6 Bxd6 23. Bxg7 Kxg7 24. Rxd6 Qa3 25. Rdd1 Nf6 26. Ne4 Nxe4 27.
Qxe4 Rc5 28. Qd4+ Kg8 29. Qd6 Qb3 30. Rd4 Rfc8 31. Rg4+ Kh8 32. Qf4 Rf5 33.
Qd4+ f6 34. Qd7 Rg8 35. Rxg8+ 1-0

[Event "XVI Festival A"]
[Site "Campobasso ITA"]
[Date "2009.07.25"]
[Round "3"]
[White "D'Orta, Antonio"]
[Black "Rizza, Francesco"]
[Result "0-1"]
[WhiteElo "1876"]
[BlackElo "2030"]
[PlyCount "79"]
[EventDate "2009.07.24"]

1. e4 c5 2. f4 Nc6 3. Nf3 g6 4. c3 Bg7 5. d4 cxd4 6. cxd4 Qb6 7. e5 d5 8. Nc3
Bf5 9. Nxd5 Qa5+ 10. Nc3 Nb4 11. Bb5+ Kf8 12. Ba4 b5 13. Bb3 Nd3+ 14. Kf1 b4
15. Ne2 Bh6 16. Bc4 Nxc1 17. Rxc1 e6 18. Ng5 Ne7 19. Qd2 Qb6 20. Bd3 Kg7 21.
Bxf5 Nxf5 22. Nf3 Ne7 23. g4 Kf8 24. Kf2 Nd5 25. Rc5 Ke7 26. Rhc1 Rhd8 27. Rc6
Qb7 28. g5 Bg7 29. Qd3 a5 30. Qe4 Rd7 31. R1c4 a4 32. Kg3 Bf8 33. Qc2 Ne3 34.
Qd3 Nxc4 35. Qxc4 Kd8 36. Ne1 Rc7 37. d5 exd5 38. Qxd5+ Rd7 39. Qc4 Rc8 40. Nd4
0-1

[Event "XVI Festival A"]
[Site "Campobasso ITA"]
[Date "2009.07.25"]
[Round "3"]
[White "Di Muccio, Lindoro"]
[Black "Di Lascio, Savino"]
[Result "1-0"]
[WhiteElo "1935"]
[BlackElo "2012"]
[PlyCount "121"]
[EventDate "2009.07.24"]

1. d4 Nf6 2. c4 e6 3. Nf3 b6 4. Nc3 Bb7 5. Bg5 Be7 6. e3 O-O 7. Be2 d5 8. cxd5
Nxd5 9. Bxe7 Qxe7 10. O-O Nd7 11. Rc1 Rac8 12. a3 Rfd8 13. b4 c5 14. dxc5 Nxc3
15. Rxc3 Nxc5 16. Qa1 Ne4 17. Rd3 Ng5 18. Nd4 Be4 19. Rc3 e5 20. Nb3 Bb7 21.
Rfc1 Rxc3 22. Qxc3 Bd5 23. Nd2 g6 24. f3 h5 25. Nf1 h4 26. e4 Bb7 27. Qc7 Rd7
28. Qb8+ Kg7 29. Qxa7 h3 30. Qxb6 hxg2 31. Kxg2 Ne6 32. Qe3 Nf4+ 33. Kh1 Rd8
34. Ng3 Rh8 35. Qg1 Qd7 36. Rd1 Qc8 37. Bb5 Qc3 38. Nf5+ Kh7 39. Nh4 Rf8 40.
Rc1 Qxa3 41. Rc7 Bc8 42. Bc4 Kg7 43. b5 Be6 44. Bxe6 Nxe6 45. Qxg6+ Kh8 46.
Qh5+ Kg8 47. Qg4+ Kh8 48. Ng6+ Kg7 49. Nxe5+ Kh6 50. Qh4+ Kg7 51. Qg4+ Kh6 52.
Qh3+ Kg5 53. f4+ Kxf4 54. Qxa3 Kxe5 55. Rc4 Rg8 56. b6 Nf4 57. Qa5+ Kd6 58.
Qc5+ Kd7 59. Qf5+ Ne6 60. Rc7+ Kd8 61. Qd5+ 1-0

[Event "XVI Festival A"]
[Site "Campobasso ITA"]
[Date "2009.07.25"]
[Round "3"]
[White "Fagnani, Alessandro"]
[Black "Borino, Paolo"]
[Result "1-0"]
[WhiteElo "1852"]
[BlackElo "1996"]
[PlyCount "43"]
[EventDate "2009.07.24"]

1. e4 d6 2. d4 Nf6 3. Nc3 c6 4. f4 Qa5 5. Bd2 Qb6 6. Bc1 e5 7. Nf3 exd4 8. Nxd4
Bg4 9. Qd3 Nbd7 10. h3 Nc5 11. Qe3 Bd7 12. Bd3 Be7 13. O-O O-O 14. f5 Rfe8 15.
Qf2 Bf8 16. Re1 d5 17. e5 Nxd3 18. cxd3 Bc5 19. Be3 Rxe5 20. Na4 Qb4 21. Nxc5
Qxc5 22. Nf3 1-0

[Event "XVI Festival A"]
[Site "Campobasso ITA"]
[Date "2009.07.25"]
[Round "3"]
[White "Ficco, Corrado"]
[Black "Mrdja, Milan"]
[Result "0-1"]
[WhiteElo "2155"]
[BlackElo "2418"]
[PlyCount "74"]
[EventDate "2009.07.24"]

1. e4 c6 2. d4 d5 3. exd5 cxd5 4. c4 Nf6 5. Nc3 Be6 6. c5 g6 7. Qb3 Qc8 8. Nf3
Bg7 9. Bb5+ Nc6 10. O-O O-O 11. Bxc6 bxc6 12. Bf4 Nh5 13. Be5 f6 14. Bg3 Bg4
15. Nd2 Kh8 16. Rae1 Nxg3 17. fxg3 e5 18. dxe5 fxe5 19. Rxf8+ Qxf8 20. Qb4 e4
21. Nb3 Qc8 22. Qa4 h5 23. Nd4 Bd7 24. Nce2 Kh7 25. Rf1 a5 26. b3 Qe8 27. Qa3
Bg4 28. Qc1 Bxe2 29. Nxe2 Qe5 30. Rf7 Kg8 31. Rd7 Rf8 32. Nf4 Qf5 33. Rxg7+
Kxg7 34. h4 Qe5 35. Qd2 d4 36. Kh2 d3 37. Qe3 Rd8 0-1

[Event "XVI Festival A"]
[Site "Campobasso ITA"]
[Date "2009.07.25"]
[Round "3"]
[White "Forlano, Luigi"]
[Black "Lombardi, Mariano"]
[Result "1-0"]
[WhiteElo "1987"]
[BlackElo "2160"]
[PlyCount "53"]
[EventDate "2009.07.24"]

1. e4 c5 2. Nc3 Nc6 3. f4 g6 4. Nf3 Bg7 5. Bb5 Nd4 6. O-O Nxb5 7. Nxb5 a6 8.
Nc3 d6 9. d3 Nf6 10. Qe1 Bg4 11. h3 Bxf3 12. Rxf3 Qd7 13. Be3 O-O 14. g4 Ne8
15. f5 Nc7 16. Bg5 Be5 17. Qh4 f6 18. fxg6 hxg6 19. Be3 Rf7 20. Kg2 Rh7 21. Qf2
g5 22. Rf1 Kg7 23. Bxg5 fxg5 24. Rf7+ Kg8 25. Rxh7 Kxh7 26. Qf7+ Kh6 27. Qh5+
1-0

[Event "XVI Festival A"]
[Site "Campobasso ITA"]
[Date "2009.07.25"]
[Round "3"]
[White "Laketic, Gojko"]
[Black "Gromovs, Sergejs"]
[Result "1-0"]
[WhiteElo "2463"]
[BlackElo "2339"]
[PlyCount "47"]
[EventDate "2009.07.24"]

1. d4 f5 2. g3 Nf6 3. Bg2 g6 4. Nh3 Bg7 5. Nf4 O-O 6. Nc3 c6 7. O-O Na6 8. e4
fxe4 9. Nxe4 Nxe4 10. Bxe4 d5 11. Bg2 e5 12. dxe5 Bxe5 13. Re1 Bg7 14. c3 Bf5
15. Be3 Nc7 16. Qb3 Qd7 17. Bc5 Rfe8 18. Rxe8+ Nxe8 19. Re1 Bf6 20. h3 b6 21.
Nxd5 cxd5 22. Qxd5+ Kg7 23. Qxa8 bxc5 24. Qxe8 1-0

[Event "XVI Festival A"]
[Site "Campobasso ITA"]
[Date "2009.07.25"]
[Round "3"]
[White "Laudisa, Antonio"]
[Black "Trebeschi, Andrea"]
[Result "0-1"]
[WhiteElo "1873"]
[BlackElo "2047"]
[PlyCount "59"]
[EventDate "2009.07.24"]

1. e4 d6 2. d4 Nf6 3. Nc3 g6 4. Be3 c6 5. Qd2 b5 6. f3 Nbd7 7. Nh3 a6 8. Nf2
Bb7 9. Bd3 Qc7 10. f4 c5 11. dxc5 Nxc5 12. O-O Bg7 13. e5 Qc6 14. Nh3 Ng4 15.
Bd4 O-O 16. Qe2 dxe5 17. Bxc5 Qxc5+ 18. Kh1 Ne3 19. Rf2 exf4 20. Ne4 Bxe4 21.
Bxe4 Rad8 22. Nxf4 Bxb2 23. Re1 Nc4 24. Nd3 Qa3 25. Nxb2 Qxb2 26. Bd3 Qd4 27.
Rf3 e6 28. Rg3 Nb2 29. Rg4 Qc3 30. Be4 0-1

[Event "XVI Festival A"]
[Site "Campobasso ITA"]
[Date "2009.07.25"]
[Round "3"]
[White "Lazic, Miroljub"]
[Black "Ljubisavljevic, Zivojin Z."]
[Result "1-0"]
[WhiteElo "2454"]
[BlackElo "2287"]
[PlyCount "67"]
[EventDate "2009.07.24"]

1. e4 e6 2. d4 d5 3. Nd2 c5 4. exd5 exd5 5. Ngf3 Nc6 6. Bb5 Bd6 7. dxc5 Bxc5 8.
O-O Nge7 9. Nb3 Bb6 10. Re1 O-O 11. Be3 Bg4 12. Bxb6 Qxb6 13. Bxc6 Nxc6 14.
Qxd5 Nb4 15. Qe4 Bxf3 16. gxf3 Qg6+ 17. Qxg6 fxg6 18. Nd4 Rad8 19. c3 Rxd4 20.
cxd4 Nc2 21. Rac1 Nxe1 22. Rxe1 Rxf3 23. Re7 Rf7 24. Re8+ Rf8 25. Rxf8+ Kxf8
26. Kg2 Ke7 27. Kf3 g5 28. Ke4 Kd6 29. d5 g4 30. Kd4 b5 31. b4 h5 32. Ke4 h4
33. Kd4 a6 34. Ke4 1-0

[Event "XVI Festival A"]
[Site "Campobasso ITA"]
[Date "2009.07.25"]
[Round "3"]
[White "Locci, Damiano"]
[Black "Vitobello, Pasquale"]
[Result "1/2-1/2"]
[WhiteElo "2119"]
[BlackElo "2015"]
[PlyCount "118"]
[EventDate "2009.07.24"]

1. c4 e5 2. Nc3 d6 3. Nf3 f5 4. d4 e4 5. Ng1 Nf6 6. g3 c6 7. Bg2 d5 8. cxd5
cxd5 9. Nh3 Nc6 10. O-O Bd6 11. Bf4 O-O 12. Bxd6 Qxd6 13. a3 a6 14. b4 b6 15.
Qd2 Bd7 16. Rfc1 Ne7 17. e3 Rfc8 18. Bf1 b5 19. Nf4 Qb6 20. Qa2 Qd6 21. Qb3
Rab8 22. Na2 Rc6 23. Rc5 Rxc5 24. dxc5 Qe5 25. Rd1 g5 26. Ne2 Nc6 27. Qc3 Qxc3
28. Naxc3 Be6 29. Nd4 Nxd4 30. Rxd4 Kf7 31. a4 bxa4 32. Nxa4 Nd7 33. Bxa6 Ne5
34. Rd1 Rxb4 35. Nc3 Nf3+ 36. Kg2 d4 37. exd4 Rxd4 38. Rb1 Ne5 39. Rb7+ Rd7 40.
Rb6 Rc7 41. Na4 Nd7 42. Rb7 Rxb7 43. Bxb7 Ne5 44. Nb6 Ke8 45. c6 Kd8 46. Na8
Bc8 47. c7+ Kd7 48. Nb6+ Kxc7 49. Bxc8 f4 50. Bf5 Kxb6 51. Bxe4 h6 52. Kh3 Kc5
53. gxf4 gxf4 54. Kh4 Kd4 55. Bb7 Kd3 56. Kh5 Ke2 57. Kxh6 Kxf2 58. Kg5 Ke3 59.
h4 f3 1/2-1/2

[Event "XVI Festival A"]
[Site "Campobasso ITA"]
[Date "2009.07.25"]
[Round "3"]
[White "Maggi, Fabrizio"]
[Black "Castrogiovanni, Carlo"]
[Result "1-0"]
[WhiteElo "2074"]
[BlackElo "2020"]
[PlyCount "120"]
[EventDate "2009.07.24"]

1. c4 c5 2. Nf3 Nf6 3. Nc3 Nc6 4. d4 cxd4 5. Nxd4 a6 6. e4 Qc7 7. Be3 e6 8. a3
d6 9. Be2 Ne5 10. Rc1 Bd7 11. f4 Nc6 12. O-O Rc8 13. b4 Nxd4 14. Bxd4 e5 15.
Be3 exf4 16. Bxf4 Qb6+ 17. Kh1 Be7 18. Bg5 Be6 19. c5 dxc5 20. e5 Rd8 21. Qe1
Nd5 22. Na4 Qa7 23. Bxe7 Nxe7 24. Nxc5 O-O 25. Bf3 b6 26. Nb7 Rd7 27. Nd6 Qb8
28. Be4 Ng6 29. Bxg6 hxg6 30. Qe2 b5 31. Rc6 Rxd6 32. exd6 Bc4 33. Qf3 Bxf1 34.
Qxf1 Rd8 35. Rc7 f6 36. Qf3 Rxd6 37. Qb3+ Kh8 38. Qh3+ Kg8 39. Rc8+ Qxc8 40.
Qxc8+ Kh7 41. g3 f5 42. Kg2 Rd2+ 43. Kh3 Rd6 44. Kh4 Rd4+ 45. Kh3 Rd6 46. Qc5
Re6 47. Kg2 Re2+ 48. Kg1 Re6 49. h4 Rf6 50. Kf2 Re6 51. h5 Rf6 52. hxg6+ Kxg6
53. Kf3 Re6 54. Qc8 Kf6 55. Qc3+ Kg6 56. Qd4 Rc6 57. Qd5 Rc3+ 58. Kf4 Rc4+ 59.
Ke5 Re4+ 60. Kd6 Kf6 1-0

[Event "XVI Festival A"]
[Site "Campobasso ITA"]
[Date "2009.07.25"]
[Round "3"]
[White "Maggi, Luigi"]
[Black "Chicco, Giancarlo"]
[Result "1-0"]
[WhiteElo "1909"]
[BlackElo "1493"]
[PlyCount "77"]
[EventDate "2009.07.24"]

1. c4 b6 2. d4 Bb7 3. Nc3 g6 4. e4 Bg7 5. Be3 e6 6. Nf3 d6 7. Be2 Ne7 8. Qd2
Nd7 9. Bh6 O-O 10. d5 e5 11. h4 Nf6 12. Nh2 Kh8 13. h5 Neg8 14. Be3 Nxh5 15.
Bxh5 gxh5 16. Nf1 Nf6 17. f3 Rg8 18. Ne2 Bf8 19. Neg3 Be7 20. Nf5 Rg6 21. N1g3
Bc8 22. Nxh5 Nxh5 23. Rxh5 Bxf5 24. exf5 Rg3 25. O-O-O Qg8 26. Rdh1 Qg7 27. Qf2
Kg8 28. Rxh7 Qxh7 29. Qxg3+ Kh8 30. Rxh7+ Kxh7 31. Qh3+ Kg8 32. Bh6 Bf6 33.
Qg4+ Kh7 34. Qh5 Kg8 35. g4 Rd8 36. g5 Bg7 37. Bxg7 Kxg7 38. Qh6+ Kg8 39. f6
1-0

[Event "XVI Festival A"]
[Site "Campobasso ITA"]
[Date "2009.07.25"]
[Round "3"]
[White "Mazza, Daniele"]
[Black "Sernagiotto, Mirko Virgilio"]
[Result "0-1"]
[WhiteElo "1838"]
[BlackElo "1963"]
[PlyCount "80"]
[EventDate "2009.07.24"]

1. e4 e5 2. Nf3 Nc6 3. Bb5 f5 4. d4 fxe4 5. Nxe5 Nxe5 6. dxe5 c6 7. Bc4 Qa5+ 8.
Bd2 Qxe5 9. Qe2 d5 10. Bb3 Nf6 11. f3 Bd6 12. Bc3 Qe7 13. O-O Bc5+ 14. Kh1 d4
15. Be1 e3 16. Bh4 Bf5 17. Na3 O-O-O 18. Rad1 Rhe8 19. Bc4 Bxa3 20. bxa3 Qxa3
21. Rb1 Qc3 22. Bd3 Qc5 23. Rb3 Bxd3 24. cxd3 g5 25. Bg3 Nd5 26. Qb2 b5 27. a4
a6 28. axb5 axb5 29. Rc1 Nc3 30. Re1 Kb7 31. Ra3 Ra8 32. Rxa8 Rxa8 33. Rc1 Qa3
34. Qxa3 Rxa3 35. Be5 Ne2 36. Rd1 c5 37. Bd6 Kc6 38. Be7 Nf4 39. Bxg5 Nxd3 40.
Bh4 Rc3 0-1